| 000 | 00929cam a2200289 i 4500 | ||
|---|---|---|---|
| 001 | 6016 | ||
| 003 | BD-RjUL | ||
| 005 | 20211208234153.0 | ||
| 008 | 140108s1979 enka b 001 0 eng | ||
| 020 | _a0273009893 : | ||
| 035 | _a(BD-RjUL)6055 | ||
| 040 |
_aDLC _cDLC _dDLC _dBD-RjUL _beng |
||
| 041 | _aeng | ||
| 082 | 0 | 0 |
_a350.000941 _bBOM 1979 |
| 100 | 1 |
_aBourn, John, _d1934- _918920 |
|
| 245 | 1 | 0 |
_aManagement in central and local government / _cJohn Bourn. |
| 260 |
_aLondon : _bPitman, _cc1979. |
||
| 300 |
_axi, 268 p. : _bill. ; _c23 cm. |
||
| 504 | _aBibliography: p. 222. and index. | ||
| 650 | 0 |
_aAdministrative agencies _zGreat Britain _xManagement. _918922 |
|
| 650 | 0 |
_aLocal government _zGreat Britain. _918923 |
|
| 651 | 0 |
_aGreat Britain _xPolitics and government. _918924 |
|
| 942 |
_2ddc _cBK |
||
| 999 |
_c6016 _d6016 |
||